000 02057nam a2200301 4500
003 EC-UNACH
005 20251022162243.0
006 s||||gr|||| 00| 00
008 150116t9999 mx r gr 000 0 spa d
020 _a978-958-9076-37-8
040 _aEC-UNACH
_cEC-UNACH
041 _aspa
082 0 4 _223
_a616.8
_bL017858
110 _aPanamericana
245 _aFundamentos de Medicina Neurología
250 _aSéptima edición
264 _aColombia
_bPanamericana
_c2010
300 _a809
505 _aCapitulo 1- Enfoque neurológico del paciente Capítulo 2-Grandes síndromes neurológicos Capitulo 3- electro diagnóstico electroencefalograma potenciales evocados electromiografía estimulación magnética transcraneal Capitulo 4- Neuroimaginologia Capitulo 5- Liquido cefalorraquídeo Capitulo 6- Evaluación clínica de las funciones mentales superiores Capitulo 7- Trastornos de la conciencia Capitulo 8- Demencias Capitulo 9- Demencia de origen vascular Capitulo 10 - Trastornos neurológicos del comportamiento afasias, apraxias , agnosias Capitulo 11- El sueño y sus trastornos Capitulo 12- Dolor neuropático Capitulo 13- Cefaleas primarias Capitulo 14 - Neuroftalmología Capitulo 15- Infecciones bacterianas del sistema nervioso central meningitis agudas , abscesos cerebrales y empiemas Capitulo 16- Infecciones virales del sistema nervioso central Capitulo 17- Infecciones micóticas del sistema nervios central Capitulo 18- Neuro parasitosis Capitulo 19 - Neuro sífilis Capitulo 20- Sida y sistema nervioso Capitulo 21- Aspectos neurológicos de la infección por el retrovirus Capitulo 22- Priones y enfermedades priónicas Capitulo 23- Neurocisticercosis
650 _aEvolución histórica de la neurología
650 _aEnfoque neurológico del paciente
650 _aDiagnostico neurologico
700 _aHernán Vélez / Willan Rojas / Jaime Borrero / Jorge Restrepo
942 _2ddc
_c1
999 _c14066